Normal view
MARC view
Entry Topical Term
001 - CONTROL NUMBER
- control field: 13610
003 - CONTROL NUMBER IDENTIFIER
- control field: ARRUPE
005 - DATE AND TIME OF LATEST TRANSACTION
- control field: 20150108133159.0
008 - FIXED-LENGTH DATA ELEMENTS
- fixed length control field: 150108|| aca||aabn | a|a d
040 ## - CATALOGING SOURCE
- Original cataloging agency: ARRUPE
- Transcribing agency: ARRUPE
150 ## - HEADING--TOPICAL TERM
- Topical term or geographic name as entry element: Marketing
- General subdivision: social aspects
670 ## - SOURCE DATA FOUND
- Source citation: Work cat.: (ARRUPE): Soko, Jeketule J. and Katuse, Paul 13609, Marketing for Social Transformation, 2014